[Event "Treviso TWE op-B 30th"]
[Site "Treviso"]
[Date "2006.12.08"]
[Round "1.18"]
[White "Pastrello, Michele"]
[Black "De Simon, Maurizio"]
[Result "1/2-1/2"]
[WhiteElo "1386"]
[BlackElo "1574"]
[PlyCount "92"]
[EventDate "2006.12.08"]
[EventType "swiss"]
[EventRounds "5"]
[EventCountry "ITA"]
[SourceTitle "EXT 2024"]
[Source "ChessBase"]
[SourceDate "2023.10.10"]
[SourceVersion "1"]
[SourceVersionDate "2023.10.10"]
[SourceQuality "1"]

1. d4 Nf6 2. Nf3 g6 3. e3 Bg7 4. Bd3 d6 5. Nbd2 Nc6 6. c3 b6 7. 0-0 Bb7 8. Qe2 0-0 9. Ba6 Qc8 10. Bxb7 Qxb7 11. b3 a5 12. a4 Nd5 13. Bb2 e5 14. e4 Nf6 15. Qd3 Rfe8 16. d5 Ne7 17. g3 Nh5 18. c4 c6 19. Ba3 Rad8 20. Rac1 f5 21. Qe2 Qd7 22. Ng5 Bh6 23. Ne6 Rc8 24. f3 cxd5 25. cxd5 Rxc1 26. Rxc1 Rc8 27. Rxc8+ Qxc8 28. Nc4 Qa8 29. Bxd6 Nxd5 30. exd5 Qxd5 31. Nc7 Qd4+ 32. Kg2 e4 33. fxe4 fxe4 34. Be5 Qd3 35. Qxd3 exd3 36. Bc3 Bg7 37. Bxg7 Kxg7 38. Kf3 Nf6 39. h3 Nd7 40. Ke3 Nc5 41. Nxb6 Kf6 42. Ncd5+ Kf5 43. Kd4 Nxb3+ 44. Kxd3 Nc5+ 45. Kc4 Nxa4 46. Nxa4 g5 1/2-1/2

[Event "Campodarsego op-B 16th"]
[Site "Campodarsego"]
[Date "2005.01.22"]
[Round "2"]
[White "Pastrello, Michele"]
[Black "Morello, Franco"]
[Result "0-1"]
[WhiteElo "1413"]
[BlackElo "1448"]
[PlyCount "84"]
[EventDate "2005.01.21"]
[EventType "swiss"]
[EventRounds "5"]
[EventCountry "ITA"]
[SourceTitle "EXT 2024"]
[Source "ChessBase"]
[SourceDate "2023.10.10"]
[SourceVersion "1"]
[SourceVersionDate "2023.10.10"]
[SourceQuality "1"]

1. e4 e5 2. Nf3 Nc6 3. Nc3 Nf6 4. Bc4 h6 5. h3 Bc5 6. Na4 Bd6 7. d3 a6 8. Nh4 b5 9. Nf5 bxc4 10. Nxd6+ cxd6 11. dxc4 Nxe4 12. Qf3 Ng5 13. Qg3 Qf6 14. Nc3 Nd4 15. Qd3 Qf5 16. Qxf5 Nxf5 17. h4 Ne6 18. g4 Nfd4 19. Kd1 Bb7 20. Rh3 Bf3+ 21. Kd2 Bxg4 22. Rg3 Bf5 23. Nd1 Nxc2 24. Ne3 Nxe3 25. Rxe3 Nf4 26. b3 Ng2 27. Rf3 Nxh4 28. Rg3 0-0 29. Ba3 Rfe8 30. Bxd6 Re6 31. c5 Rc8 32. Rh1 Ng6 33. Rf3 Be4 34. Ke3 Bxf3 35. Kxf3 Rce8 36. c6 dxc6 37. Rd1 Rd8 38. Rc1 Rexd6 39. Ke4 Rd4+ 40. Ke3 Rd3+ 41. Ke4 R8d4+ 42. Kf5 Rf4# 0-1